Statistiques concernant Acteurs Britanniques 2

Cliquez ici pour prendre le quiz!

Statistiques générales

  • Ce quiz a été pris 155 fois
  • Le résultat moyen est 8 sur 15

Statistiques - réponses

Réponse% Correct
Daniel Radcliffe
80%
Daniel Craig
77%
Christian Bale
67%
Hugh Grant
66%
Jude Law
66%
Orlando Bloom
64%
Tom Hardy
61%
Ralph Fiennes
55%
Colin Firth
54%
Martin Freeman
43%
James McAvoy
42%
Jeremy Irons
42%
Sean Bean
34%
Clive Owen
26%
Mark Strong
26%

Distribution des résultats

Percentile par nombre de réponses

% des personnes avec chaque résultat

Votre développement - résultats

Vous n’avez pas pris ce quiz